zpět

Detail výsledku týmu

Burgr's Club, Lednice

Datum a čas kvízu

30 Celkem bodů Celkový počet nahraných bodů na tomto kvízu bez doplňovacích otázek.
1. Pořadí na kvízu Konečné umístění týmu na tomto kvízu.

Zaznamenané odpovědi

# Otázka Odpověď Body Výsledky
1. Vláda minulý týden oznámila, ž... Marian Jurečka 1
2. Ruská plynárenská společnost G... Polsko, Bulharsko 1
3. Ve středu večer se konalo slav... David Stypka 0
4. Minulý týden konečně nabyl jas... Elon Musk, Twitter 1
5. Kolikátý mistrovský titul po s... třetí titul v řadě 1
6. Při závodech osmiveslic nesmí... kormidelníka 0
7. Aby byl kůň podle Mezinárodní... D 0
8. Celkem 22 koulí, plocha necelý... snooker 0
9. Kterou hodnotu určuje číslo 88... B 1
10. Křížová cesta je řada kapliček... 14 zastavení 0